[Event "Wiesbaden op 26th"]
[Site "Wiesbaden"]
[Date "2014.08.30"]
[Round "4"]
[White "Krueger, Stefan"]
[Black "Werner, Dimo"]
[Result "1/2-1/2"]
[WhiteElo "1912"]
[BlackElo "2097"]
[PlyCount "46"]
[EventDate "2014.08.28"]
[EventType "swiss"]
[EventRounds "7"]
[EventCountry "GER"]
[SourceTitle "CBM 162 Extra"]
[Source "ChessBase"]
[SourceDate "2014.10.17"]
[SourceVersion "1"]
[SourceVersionDate "2014.10.17"]
[SourceQuality "1"]

1. d4 d5 2. c4 c6 3. Nf3 Nf6 4. Nc3 e6 5. e3 Nbd7 6. Bd3 dxc4 7. Bxc4 b5 8. Bb3 Bb7 9. a3 Bd6 10. e4 e5 11. 0-0 a6 12. Nh4 0-0 13. Nf5 Bc7 14. Bg5 exd4 15. Nxd4 Ne5 16. Bc2 Bb6 17. Nf5 Qxd1 18. Raxd1 Rad8 19. Be3 Bxe3 20. Nxe3 Nfg4 21. Nxg4 Nxg4 22. Rxd8 Rxd8 23. Rd1 Rxd1+ 1/2-1/2

[Event "Berlin Lichtenberger op 7th"]
[Site "Berlin"]
[Date "2008.08.20"]
[Round "5"]
[White "Krueger, Stefan"]
[Black "Paris, Gerhard"]
[Result "1-0"]
[WhiteElo "1548"]
[BlackElo "1696"]
[PlyCount "123"]
[EventDate "2008.08.16"]
[EventType "swiss"]
[EventRounds "9"]
[EventCountry "GER"]
[SourceTitle "CBM 126 Extra"]
[Source "ChessBase"]
[SourceDate "2008.11.05"]
[SourceVersion "1"]
[SourceVersionDate "2008.11.05"]
[SourceQuality "1"]

1. d4 Nf6 2. c4 d6 3. Nc3 g6 4. e4 Bg7 5. Nf3 0-0 6. Be2 e5 7. 0-0 Nc6 8. d5 Ne7 9. b4 Bd7 10. c5 Ne8 11. Bb5 Bxb5 12. Nxb5 a6 13. cxd6 cxd6 14. Nc3 Rc8 15. Bd2 f5 16. Ng5 Nc7 17. f3 f4 18. Nh3 Ne8 19. Nf2 Nf6 20. b5 Nd7 21. bxa6 bxa6 22. Na4 Nc5 23. Nxc5 Rxc5 24. Qa4 a5 25. Rac1 Qe8 26. Qxe8 Rxe8 27. Rxc5 dxc5 28. Rc1 a4 29. Rxc5 Nc8 30. Rc6 Bf8 31. Nd3 a3 32. Bb4 Na7 33. Rb6 Rc8 34. Bxf8 Kxf8 35. Ra6 Nb5 36. Ra5 Rc3 37. Nb4 Nd4 38. d6 Ke8 39. h4 Rc4 40. Nd3 Rc3 41. Nxe5 Nc6 42. Nxc6 Rxc6 43. Rxa3 Rxd6 44. Ra8+ Kf7 45. Ra7+ Kg8 46. a4 Rd1+ 47. Kh2 Ra1 48. g3 Ra2+ 49. Kh3 h5 50. gxf4 Ra1 51. f5 gxf5 52. exf5 Rh1+ 53. Kg3 Rg1+ 54. Kf4 Ra1 55. Kg5 Ra3 56. f4 Rf3 57. a5 Kh8 58. a6 Rg3+ 59. Kxh5 Rg8 60. Rb7 Rf8 61. a7 Rxf5+ 62. Kg4 1-0

[Event "Berlin Lichtenberger op 7th"]
[Site "Berlin"]
[Date "2008.08.19"]
[Round "4"]
[White "Lerch, Philipp"]
[Black "Krueger, Stefan"]
[Result "1-0"]
[WhiteElo "1819"]
[BlackElo "1548"]
[PlyCount "61"]
[EventDate "2008.08.16"]
[EventType "swiss"]
[EventRounds "9"]
[EventCountry "GER"]
[SourceTitle "CBM 126 Extra"]
[Source "ChessBase"]
[SourceDate "2008.11.05"]
[SourceVersion "1"]
[SourceVersionDate "2008.11.05"]
[SourceQuality "1"]

1. e4 c5 2. Nf3 d6 3. d4 cxd4 4. Nxd4 Nf6 5. Nc3 g6 6. Be3 Bg7 7. f3 0-0 8. Bc4 Nc6 9. Qd2 Bd7 10. 0-0-0 Ne5 11. Bb3 Qa5 12. h4 h5 13. Bh6 Rfc8 14. Bxg7 Kxg7 15. Kb1 a6 16. g4 hxg4 17. h5 Nxh5 18. Rxh5 Rh8 19. Rxh8 Rxh8 20. f4 Nc6 21. Nxc6 Bxc6 22. Qd4+ f6 23. Qc4 Rf8 24. Qe6 Qc7 25. Qxg4 f5 26. exf5 Rxf5 27. Rg1 Rf6 28. f5 Bd7 29. Nd5 Bxf5 30. Nxf6 exf6 31. Qxf5 1-0

[Event "Berlin Lichtenberger Sommer 3th"]
[Site "Berlin"]
[Date "2004.08.22"]
[Round "8.62"]
[White "Rennspiess, Jens"]
[Black "Krueger, Stefan"]
[Result "1-0"]
[WhiteElo "1723"]
[BlackElo "1316"]
[PlyCount "105"]
[EventDate "2004.08.14"]
[EventType "swiss"]
[EventRounds "9"]
[EventCountry "GER"]
[SourceTitle "EXT 2022"]
[Source "ChessBase"]
[SourceDate "2021.10.06"]
[SourceVersion "1"]
[SourceVersionDate "2021.10.06"]
[SourceQuality "1"]

1. d4 d5 2. c4 e6 3. Nc3 Nf6 4. Nf3 b6 5. cxd5 Nxd5 6. e4 Nxc3 7. bxc3 Bb7 8. Bd3 c5 9. 0-0 Be7 10. Be3 Qc7 11. Rc1 0-0 12. Ng5 e5 13. f4 h6 14. Nh3 c4 15. Bb1 f6 16. Qh5 Bc6 17. f5 Qb7 18. d5 Be8 19. Qg4 Kh7 20. Nf2 Rg8 21. Qe2 b5 22. Qd2 Bd6 23. g4 Na6 24. h4 Bc5 25. g5 Bxe3 26. g6+ Bxg6 27. fxg6+ Kxg6 28. Qxe3 Qd7 29. Qh3 Qxh3 30. Nxh3 Kh5 31. Rf5+ Kg6 32. Nf2 Kf7 33. Ng4 Rae8 34. Bc2 Nc5 35. Rcf1 Nd7 36. Kf2 Rh8 37. Ke2 h5 38. Ne3 g6 39. R5f2 Kg7 40. Rb1 a6 41. Rff1 g5 42. Nf5+ Kg6 43. Rg1 Rhg8 44. a4 Rb8 45. Ne7+ Kh6 46. Nxg8+ Rxg8 47. axb5 axb5 48. Rxb5 Rg7 49. Rb7 Rf7 50. Ba4 Nc5 51. Rxf7 Kg6 52. Be8 Nxe4 53. Rc7+ 1-0

[Event "Berlin Lichtenberger Sommer 3th"]
[Site "Berlin"]
[Date "2004.08.17"]
[Round "4.67"]
[White "Mayer, Herbert"]
[Black "Krueger, Stefan"]
[Result "0-1"]
[WhiteElo "1791"]
[BlackElo "1316"]
[PlyCount "70"]
[EventDate "2004.08.14"]
[EventType "swiss"]
[EventRounds "9"]
[EventCountry "GER"]
[SourceTitle "EXT 2022"]
[Source "ChessBase"]
[SourceDate "2021.10.06"]
[SourceVersion "1"]
[SourceVersionDate "2021.10.06"]
[SourceQuality "1"]

1. c4 c5 2. Nc3 Nf6 3. g3 e6 4. Bg2 d5 5. cxd5 Nxd5 6. Nf3 Nc6 7. 0-0 Be7 8. d4 0-0 9. e4 Nxc3 10. bxc3 b5 11. d5 exd5 12. exd5 Na5 13. Ne5 Bb7 14. Rb1 Bf6 15. f4 Re8 16. Re1 a6 17. a4 bxa4 18. Qxa4 Bxe5 19. fxe5 Bc8 20. Bf4 h6 21. c4 g5 22. Bd2 Nb7 23. Qc2 a5 24. e6 Nd6 25. exf7+ Kxf7 26. Qh7+ Kf8 27. Qxh6+ Kf7 28. Qh5+ Kf8 29. Rf1+ Bf5 30. g4 Re2 31. Bxg5 Rxg2+ 32. Kxg2 Qe8 33. Qxe8+ Rxe8 34. gxf5 Nxc4 35. Rfe1 Rc8 0-1

[Event "Berlin Lichtenberger Sommer 3th"]
[Site "Berlin"]
[Date "2004.08.15"]
[Round "2.82"]
[White "Schiering, Manfred"]
[Black "Krueger, Stefan"]
[Result "0-1"]
[WhiteElo "1704"]
[BlackElo "1316"]
[PlyCount "80"]
[EventDate "2004.08.14"]
[EventType "swiss"]
[EventRounds "9"]
[EventCountry "GER"]
[SourceTitle "EXT 2022"]
[Source "ChessBase"]
[SourceDate "2021.10.06"]
[SourceVersion "1"]
[SourceVersionDate "2021.10.06"]
[SourceQuality "1"]

1. c4 c5 2. Nc3 Nf6 3. Nf3 e6 4. d4 d5 5. e3 Nc6 6. cxd5 Nxd5 7. Nxd5 Qxd5 8. Be2 Be7 9. dxc5 Qxd1+ 10. Bxd1 Bxc5 11. 0-0 0-0 12. a3 Be7 13. Rb1 b5 14. b4 Bb7 15. Be2 a6 16. Bb2 Rfd8 17. Rfd1 Rd6 18. Rxd6 Bxd6 19. Kf1 f6 20. h3 Kf7 21. Bd3 g6 22. Ke2 h5 23. Ne1 Be5 24. Bc1 f5 25. Bd2 Rc8 26. Nf3 Bf6 27. h4 Ne5 28. Nxe5+ Bxe5 29. g3 Bf6 30. f3 Bc3 31. e4 Bxd2 32. Kxd2 Kf6 33. Rb3 fxe4 34. fxe4 g5 35. Ke3 gxh4 36. gxh4 Ke5 37. Be2 Bxe4 38. Bxh5 Rh8 39. Rc3 Rxh5 40. Rc5+ Bd5 0-1

[Event "Berlin Lichtenberger Sommer 2nd"]
[Site "Berlin"]
[Date "2003.08.20"]
[Round "5.74"]
[White "Krueger, Stefan"]
[Black "Ebert, Lothar"]
[Result "0-1"]
[WhiteElo "1231"]
[BlackElo "1443"]
[PlyCount "86"]
[EventDate "2003.08.16"]
[EventType "swiss"]
[EventRounds "9"]
[EventCountry "GER"]
[SourceTitle "EXT 2022"]
[Source "ChessBase"]
[SourceDate "2021.10.06"]
[SourceVersion "1"]
[SourceVersionDate "2021.10.06"]
[SourceQuality "1"]

1. d4 Nf6 2. c4 d5 3. e3 dxc4 4. Bxc4 e6 5. Nc3 Bb4 6. Nf3 Bxc3+ 7. bxc3 0-0 8. 0-0 b6 9. Qc2 Bb7 10. Nd2 Nbd7 11. Re1 c5 12. Bb2 Rc8 13. a4 Qc7 14. Rad1 Ng4 15. g3 e5 16. dxc5 Nxc5 17. Nb3 Nxa4 18. Bd5 Nxb2 19. Qxb2 Bxd5 20. Rxd5 Qxc3 21. Qxc3 Rxc3 22. Nd2 f6 23. h3 Nh6 24. Ra1 Rc7 25. Nb3 Nf7 26. f4 Rd8 27. Rb5 Rcd7 28. Kf2 Nd6 29. Rb4 Kf7 30. fxe5 fxe5 31. Rba4 a5 32. Nxa5 bxa5 33. Rxa5 e4 34. g4 g6 35. Rd5 Nc4 36. Ra7 Rxa7 37. Rxd8 Ra2+ 38. Kg3 Rd2 39. Rxd2 Nxd2 40. Kf4 Nf3 41. g5 Ke6 42. h4 Nxh4 43. Kxe4 Ng2 0-1

[Event "Berlin Lichtenberger Sommer 2nd"]
[Site "Berlin"]
[Date "2003.08.18"]
[Round "3.73"]
[White "Krueger, Stefan"]
[Black "Krawatzki, Armin"]
[Result "0-1"]
[WhiteElo "1231"]
[BlackElo "1514"]
[PlyCount "76"]
[EventDate "2003.08.16"]
[EventType "swiss"]
[EventRounds "9"]
[EventCountry "GER"]
[SourceTitle "EXT 2022"]
[Source "ChessBase"]
[SourceDate "2021.10.06"]
[SourceVersion "1"]
[SourceVersionDate "2021.10.06"]
[SourceQuality "1"]

1. d4 Nf6 2. c4 g6 3. Nc3 Bg7 4. e4 d6 5. Nf3 0-0 6. Be2 e5 7. 0-0 Nc6 8. d5 Ne7 9. Ne1 Nd7 10. Nd3 f5 11. b4 b6 12. Bf3 f4 13. Ba3 a5 14. bxa5 Rxa5 15. Bb4 Ra8 16. a4 Nc5 17. a5 Bd7 18. Nb5 g5 19. h3 Ng6 20. Ne1 Rf6 21. Ra3 Qc8 22. Kh2 Nh4 23. Nc3 Nxf3+ 24. Nxf3 g4 25. hxg4 Rh6+ 26. Kg1 Bxg4 27. axb6 Rxa3 28. Bxa3 cxb6 29. Bxc5 bxc5 30. Qd3 Qe8 31. Ng5 Qh5 32. Nh3 f3 33. Ra1 fxg2 34. Ra8+ Bf8 35. f4 Qxh3 36. Qxh3 Rxh3 37. Nb5 Bf3 38. Kf2 Rh1 0-1